Quebec A-Z - Statistics

General Stats
  • This quiz has been taken 140 times
  • The average score is 19 of 26
Answer Stats
Clue Answer % Correct
B Nickname: La ____ Province Belle
95%
P French fries + cheese curds + gravy Poutine
95%
N Grand Prix island: _____ Dame Notre
93%
C NHL team based in Montreal Canadiens
91%
L Largest river: St. ________ Lawrence
87%
E World's fair: ____ '67 Expo
85%
I Primary people group in Nunavik Inuit
83%
H Massive bay in the north Hudson
82%
M English-language university in Montreal McGill
82%
F Most photographed hotel in the world: Fairmont Le Château ________ Frontenac
80%
T Canada's 15th PM Trudeau
79%
Y After this war, Quebec was ceded to Great Britain: Seven _____' War Years
78%
K Group of 800 women who immigrated to New France: ____'s Daughters King
77%
R Saint-Jean-sur-________ Richelieu
77%
U Laval, Concordia, UQAM, e.g. University
76%
X King who took direct control of New France in 1663: Louis ___ XIV
73%
D Singer who won Eurovision in 1988 Dion
72%
O River that Gatineau sits on Ottawa
65%
A Toxic fibrous minerals that were once mined in Val-des-Sources Asbestos
61%
G Peninsula with the Chic-Choc Range Gaspé
61%
Q Political and cultural shift in the 1960s: The ____ Revolution Quiet
61%
Z "Tyrolienne" in English Zipline
61%
V Director of Dune and Prisoners Villeneuve
55%
S City on the Magog and Saint-François Sherbrooke
46%
W What Montmorency is Waterfall
41%
J Island with the city of Laval Jésus
38%
No matching quizzes found
Score Distribution
Percent of People with Each Score
Percentile by Number Answered
Your Score History
You have not taken this quiz